| 000 | 00580nam a2200229Ia 4500 | ||
|---|---|---|---|
| 008 | 170711s9999 xx 000 0 und d | ||
| 020 | _a9780061473166 | ||
| 050 | _a323.04 | ||
| 050 | _bF385 2008 | ||
| 100 | _aFerrera, America | ||
| 245 | _aDeclare yourself : | ||
| 245 | _bspeak connect act vite / | ||
| 245 | _cAmerica Ferrera. | ||
| 250 | _aFirst edition. | ||
| 260 | _aNew York : | ||
| 260 | _bHarperCollins, | ||
| 260 | _c2008 | ||
| 300 | _axxiii, 325 pages : | ||
| 300 | _billustrations ; | ||
| 300 | _c20cm. | ||
| 500 | _aIncludes bibliographic reference. | ||
| 999 |
_c340010 _d340010 |
||